Dispozičný návrh robotizovaného pracoviska so zohľadnením súčasných bezpečnostných požiadaviek pre takéto pracoviská

Salvato in:
Dettagli Bibliografici
Autore principale: Bínovský, Marek (Autore)
Altri autori: Holubek, Radovan (Relatore della tesi)
Natura: Manoscritto Libro
Lingua:slovacco
Pubblicazione: 2019
Soggetti:
Accesso online:http://is.stuba.sk/zp/portal_zp.pl?podrobnosti=134356
Tags: Aggiungi Tag
Nessun Tag, puoi essere il primo ad aggiungerne!!

MARC

LEADER 00000ntm a22000003a 4500
001 stuzp72861
003 SK-STU
005 20190622211100.7
007 ta
008 150427s2015----xo-----f-mn---000-0-slo-d
040 |a STU  |b slo 
041 0 |a slo 
100 1 |a Bínovský, Marek  |u 063000  |4 aut  |U MTF Materiálovotechnologická fakulta  |T MTF Ústav výrobných technológií  |X 85486  |U M3000  |Y 83  |7 85486 
242 0 1 |a Layout design of the robotic workstation taking into account the current safety requirements for such workplaces  |y eng 
245 1 0 |a Dispozičný návrh robotizovaného pracoviska so zohľadnením súčasných bezpečnostných požiadaviek pre takéto pracoviská 
260 |c 2019 
650 4 |a ABB Robot  |2 slo 
650 4 |a bezpečnostné prvky  |2 slo 
650 4 |a ABB RobotStudio  |2 slo 
650 4 |a ABB Robot  |2 eng 
650 4 |a safety features  |2 eng 
650 4 |a ABB RobotStudio  |2 eng 
700 1 |a Holubek, Radovan  |u 063800  |k Z2  |4 ths  |U MTF Ústav výrobných technológií  |T MTF Katedra výrobných zariadení a systémov  |X 4311  |U M3800  |Y 660  |7 A000004311 
856 4 |u http://is.stuba.sk/zp/portal_zp.pl?podrobnosti=134356 
996 |c M* BP-8608  |l MMSKP  |s P  |a 0  |w stuzp72861_0001